000 00658nam a2200229Ia 4500
003 OSt
005 20220926022945.0
006 a|||||r|||| 00| 0
007 ta
008 220923b |||||||| |||| 00| 0 eng d
037 _cGeneral Book
040 _aRTL
_cRTL
_beng
041 _2eng
_aeng
082 _aX.3.N8, M9
100 _aCampbell M, and others Ed.
_9328487
245 0 _aControversy in applied economics
260 _aNew York
_bWheatsheaf
_c1989
300 _axiii,297p
_ccm.
500 _aBibliography chapterwise: P 271-287
942 _hX.3.N8, M9
_cGB
_2CC
999 _c640656
_d640656